书目信息 |
| 题名: |
健康中国视阈下我国群众体育组织研究
|
|
| 作者: | 徐永峰 著 | |
| 分册: | ||
| 出版信息: | 北京 中国商务出版社 2020.03 |
|
| 页数: | 190页 | |
| 开本: | 24cm | |
| 丛书名: | ||
| 单 册: | ||
| 中图分类: | G812.16 | |
| 科图分类: | ||
| 主题词: | 群众体育--qun zhong ti yu--体育组织--研究--中国 | |
| 电子资源: | ||
| ISBN: | 978-7-5103-3207-4 | |
| 000 | 00921nam0 2200229 450 | |
| 001 | 0109110051 | |
| 005 | 20201109110333.0 | |
| 010 | @a978-7-5103-3207-4@dCNY76.00 | |
| 100 | @a20200713d2020 em y0chiy50 ea | |
| 101 | 0 | @achi |
| 102 | @aCN@b110000 | |
| 105 | @ay z 000yy | |
| 106 | @ar | |
| 200 | 1 | @a健康中国视阈下我国群众体育组织研究@Ajian kang zhong guo shi yu xia wo guo qun zhong ti yu zu zhi yan jiu@f徐永峰著 |
| 210 | @a北京@c中国商务出版社@d2020.03 | |
| 215 | @a190页@d24cm | |
| 330 | @a本书分为七章,包括群众体育组织与管理的基本理论体系、“健康中国”视阈下我国群众体育的发展现状分析、我国群众体育组织活动方案的设计研究、“健康中国”视阈下群众体育健身手段的选择与方法指导、广西少数民族地区传统体育研究等。 | |
| 606 | 0 | @a群众体育@Aqun zhong ti yu@x体育组织@x研究@y中国 |
| 690 | @aG812.16@v5 | |
| 701 | 0 | @a徐永峰@Axu yong feng@4著 |
| 801 | 0 | @aCN@bBJSZM@c20201103 |
| 905 | @b1265631-5@dG812.16@e153@f5 | |
| 健康中国视阈下我国群众体育组织研究/徐永峰著.-北京:中国商务出版社,2020.03 |
| 190页;24cm |
| ISBN 978-7-5103-3207-4:CNY76.00 |
| 本书分为七章,包括群众体育组织与管理的基本理论体系、“健康中国”视阈下我国群众体育的发展现状分析、我国群众体育组织活动方案的设计研究、“健康中国”视阈下群众体育健身手段的选择与方法指导、广西少数民族地区传统体育研究等。 |
| ● |
| 相关链接 |
|
|
|
|
正题名:健康中国视阈下我国群众体育组织研究
索取号:G812.16/153
 
预约/预借
| 序号 | 登录号 | 条形码 | 馆藏地/架位号 | 状态 | 备注 |
| 1 | 1265631 | 212656311 | 教育系资料室/ [索取号:G812.16/153] | 在馆 | |
| 2 | 1265632 | 212656320 | 教育系资料室/ [索取号:G812.16/153] | 在馆 | |
| 3 | 1265633 | 212656339 | 教育系资料室/ [索取号:G812.16/153] | 在馆 | |
| 4 | 1265634 | 212656348 | 第四借阅区/ [索取号:G812.16/153] | 在馆 | |
| 5 | 1265635 | 212656357 | 第四借阅区/ [索取号:G812.16/153] | 在馆 | |
| 6 | 1286589 | 212865899 | 第一样本阅览室/ [索取号:G812.16/153] | 在馆 | |
| 7 | 1286590 | 212865906 | 第四借阅区/ [索取号:G812.16/153] | 在馆 | |
| 8 | 1286591 | 212865915 | 第四借阅区/ [索取号:G812.16/153] | 在馆 | |
| 9 | 1286592 | 212865924 | 第四借阅区/ [索取号:G812.16/153] | 在馆 |